BookForum/ (Record no. 4442)
[ view plain ]
| 000 -LEADER | |
|---|---|
| campo de control de longitud fija | 00970nam a22003137a 4500 |
| 003 - IDENTIFICADOR DE NÚMERO DE CONTROL | |
| campo de control | OSt |
| 005 - FECHA Y HORA DE LA ÚLTIMA TRANSACCIÓN | |
| campo de control | 20231004094835.0 |
| 008 - DATOS DE LONGITUD FIJA--INFORMACIÓN GENERAL | |
| campo de control de longitud fija | 221006b |||||||| |||| 00| 0 eng d |
| 040 ## - FUENTE DE CATALOGACIÓN | |
| Centro/agencia transcriptor | Lado V |
| 082 ## - NÚMERO DE LA CLASIFICACIÓN DECIMAL DEWEY | |
| Número de clasificación | 700 |
| Número de ítem | M414b |
| 110 ## - ENTRADA PRINCIPAL--NOMBRE DE ENTIDAD CORPORATIVA | |
| 9 (RLIN) | 1138 |
| Nombre de entidad corporativa o nombre de jurisdicción como elemento de entrada | Massachusetts Institute of Technology |
| Término indicativo de función/relación | autor |
| 245 ## - MENCIÓN DEL TÍTULO | |
| Título | BookForum/ |
| 260 ## - PUBLICACIÓN, DISTRIBUCIÓN, ETC. | |
| Nombre del editor, distribuidor, etc. | The MIT |
| Fecha de publicación, distribución, etc. | 2015 |
| Lugar de publicación, distribución, etc. | Massachusetts, Estados Unidos |
| 300 ## - DESCRIPCIÓN FÍSICA | |
| Dimensiones | 26.5x36.5 cm |
| Extensión | 45p. |
| 366 ## - INFORMACIÓN SOBRE DISPONIBILIDAD COMERCIAL | |
| Nota | spa |
| 490 ## - MENCIÓN DE SERIE | |
| Mención de serie | 5 |
| Designación de volumen o secuencia | 21 |
| 505 ## - NOTA DE CONTENIDO CON FORMATO | |
| Título | COLOR LINES |
| 505 ## - NOTA DE CONTENIDO CON FORMATO | |
| Título | FEATURES |
| 505 ## - NOTA DE CONTENIDO CON FORMATO | |
| Título | COLUMNS |
| 505 ## - NOTA DE CONTENIDO CON FORMATO | |
| Título | FICTION |
| 505 ## - NOTA DE CONTENIDO CON FORMATO | |
| Título | CURRENT AFFAIRS & POLITICS |
| 505 ## - NOTA DE CONTENIDO CON FORMATO | |
| Título | ARTS & LETTERS |
| 650 ## - PUNTO DE ACCESO ADICIONAL DE MATERIA--TÉRMINO DE MATERIA | |
| Fuente del encabezamiento o término | Tesauro de Arte & Arquitectura |
| Término de materia o nombre geográfico como elemento de entrada | ARTE |
| 9 (RLIN) | 703 |
| 650 ## - PUNTO DE ACCESO ADICIONAL DE MATERIA--TÉRMINO DE MATERIA | |
| Fuente del encabezamiento o término | Tesauro de Arte & Arquitectura |
| Término de materia o nombre geográfico como elemento de entrada | EXHIBICIÓN |
| 9 (RLIN) | 702 |
| 650 ## - PUNTO DE ACCESO ADICIONAL DE MATERIA--TÉRMINO DE MATERIA | |
| Fuente del encabezamiento o término | Tesauro de Arte & Arquitectura |
| Término de materia o nombre geográfico como elemento de entrada | TEORÍA |
| 9 (RLIN) | 703 |
| 650 ## - PUNTO DE ACCESO ADICIONAL DE MATERIA--TÉRMINO DE MATERIA | |
| Fuente del encabezamiento o término | Tesauro de Arte & Arquitectura |
| Término de materia o nombre geográfico como elemento de entrada | CULTURA |
| 650 ## - PUNTO DE ACCESO ADICIONAL DE MATERIA--TÉRMINO DE MATERIA | |
| Fuente del encabezamiento o término | Tesauro de Arte & Arquitectura |
| Término de materia o nombre geográfico como elemento de entrada | FICCION |
| 942 ## - ELEMENTOS DE ENTRADA SECUNDARIOS (KOHA) | |
| Fuente del sistema de clasificación o colocación | Clasificación Decimal Dewey |
| Tipo de ítem Koha | Libros |
| Parte de la signatura que corresponde a la clasificación (Parte de la clasificación) | 700 |
| Parte de la signatura que identifica el ejemplar (Parte del ítem) | M414b |
| Suprimir en OPAC | No |
| Estatus retirado | Estado de pérdida | Fuente del sistema de clasificación o colocación | Especificación de materiales (volumen encuadernado u otra parte) | Estado de daño | No para préstamo | Colección | Biblioteca de origen | Biblioteca actual | Fecha de adquisición | Enumeración/cronología de publicación seriada | Número de inventario | Total de préstamos | Signatura topográfica completa | Código de barras | Visto por última vez | Precio de reemplazo | Tipo de ítem Koha |
|---|---|---|---|---|---|---|---|---|---|---|---|---|---|---|---|---|---|
| Clasificación Decimal Dewey | 21 | Colección Especial | Biblioteca LadoV | Biblioteca LadoV | 04/10/2023 | 5 | 002666 | 700 M414b | 002666 | 04/10/2023 | 04/10/2023 | Libros |
